01000nab a22002177a 4500999001500000003000400015005001700019008004100036040000700077100003700084245010700121300001500228505024400243505007200487650002800559650002600587650001900613650003300632773010400665942001300769 c5827d5827OSt20260107122637.0190514b xxu||||| |||| 00| 0 spa d cPJ 96692aGiraudo Esquivo, Nicolás10aMecanismos para mantener el poder adquisitivo de las cuotas alimentarias /cNicolás Giraudo Esquivo. ap. 108-117 aSumario: I. Introducción.— II. Los alimentos como derecho humano.— III. Los alimentos como obligación de valor u obligación dineraria.— IV. Posibles soluciones para mantener el valor de la mesada.— V. A modo de conclusión.  tSi te interesa el texto, comunicate a koha@justierradelfuego.gov.ar 09967aDERECHO DE FAMILIA 09614aDERECHOS HUMANOS 09968aALIMENTOS 091074aOBLIGACION ALIMENTARIA0 0284493222dBuenos Aires : AbeledoPerrot, 1989-tDerecho de familia. N° 118 - Marzo 2025z18511201 2udccANA